Formations les plus demandées sur Parcoursup en 2023 - Statistiques

Statistiques générales
  • Ce quiz a été pris 163 fois
  • Le résultat moyen est 3 sur 10
Statistiques - réponses
Vœux en 2023 Formations % Correct
308 613 vœux Licence Droit
88%
725 864 vœux Parcours d’Accès Spécifique Santé (PASS)
46%
196 411 vœux CPGE MPSI
28%
643 006 vœux Ecoles d’Ingénieurs
27%
163 209 vœux CPGE PCSI
19%
158 805 vœux BUT Gestion des entreprises et des administrations
14%
658 893 vœux D.E Infirmier
13%
183 258 vœux BTS Management Commercial Opérationnel
10%
185 088 vœux BUT Techniques de commercialisation
10%
145 106 vœux BTS Négociation et digitalisation de la Relation Client
8%
Aucun quiz correspondant
Distribution des résultats
% des personnes avec chaque résultat
Percentile par nombre de réponses
Votre historique - résultats
Vous n’avez pas pris ce quiz